| 000 | 01981nam a22002777a 4500 | ||
|---|---|---|---|
| 999 |
_c63320 _d63320 |
||
| 003 | Ge_BSU | ||
| 005 | 20250910173658.0 | ||
| 008 | 250910s2025 ge ||||| |||| 00| 0 geo d | ||
| 020 | _a9789941347283 | ||
| 041 | _ageo | ||
| 080 | _a005.591.6 გ-12 | ||
| 100 |
_aგაბისონია, ზვიად _98189 |
||
| 245 |
_aციფრული მმართველობა და სამართლის ტექნოლოგიები = Digital Governance and Legal Technologies : _b[დამხმარე სახელმძღვანელო] / _cზვიად გაბისონია; რედაქტორი: ლადო ჭანტურია, გიორგი ხუბუა, ზურაბ ძლიერიშვილი; ტექრედაქტორი შოთა დონაძე; დიზაინერი გიორგი ჩიქვინიძე; Friedrich Ebert Stiftung. |
||
| 264 |
_aთბილისი : _bმერიდიანი, _c2025. |
||
| 300 |
_a456 გვ. ; _b20 სმ. |
||
| 500 | _aთავფურცელი ქართულ და ინგლისურ ენებზე. | ||
| 504 | _aბიბლიოგრაფია ტექსტის შენიშვნებში და გვ. 421-453. | ||
| 653 | _aციფრული მმართველობა | ||
| 653 | _aსამართლის ტექნოლოგიები | ||
| 700 |
_aჭანტურია, ლადო _eრედაქტორი _925786 |
||
| 700 |
_aხუბუა, გიორგი _eრედაქტორი _925787 |
||
| 700 |
_aძლიერიშვილი, ზურაბ _eრედაქტორი _98152 |
||
| 700 |
_aდონაძე, შოთა _eტექრედაქტორი _925788 |
||
| 700 |
_aჩიქვინიძე, გიორგი _eდიზაინერი _925789 |
||
| 942 |
_2udc _cᲬᲘᲒᲜᲘ |
||